MARC details
| 000 -LEADER |
| campo de control de longitud fija |
01740cam a22004695a 4500 |
| 001 - NÚMERO DE CONTROL |
| campo de control |
30099 |
| 005 - FECHA Y HORA DE LA ÚLTIMA TRANSACCIÓN |
| campo de control |
20230411085954.0 |
| 008 - DATOS DE LONGITUD FIJA--INFORMACIÓN GENERAL |
| campo de control de longitud fija |
060717s2005 mx a 000 0 spa d |
| 035 ## - NÚMERO DE CONTROL DEL SISTEMA |
| Número de control de sistema |
14455386 |
| 010 ## - NÚMERO DE CONTROL DE LA BIBLIOTECA DEL CONGRESO |
| Número de control de LC |
2006429870 |
| 020 ## - NÚMERO INTERNACIONAL ESTÁNDAR DEL LIBRO |
| Número Internacional Estándar del Libro |
9685957126 |
| 020 ## - NÚMERO INTERNACIONAL ESTÁNDAR DEL LIBRO |
| Número Internacional Estándar del Libro |
0307274152 |
| 035 ## - NÚMERO DE CONTROL DEL SISTEMA |
| Número de control de sistema |
(OCoLC)ocm62763899 |
| 040 ## - FUENTE DE CATALOGACIÓN |
| Centro catalogador/agencia de origen |
LNQ |
| Centro/agencia transcriptor |
LNQ |
| Centro/agencia modificador |
LNQ |
| -- |
PL# |
| -- |
BAKER |
| -- |
TEF |
| -- |
DLC |
| 042 ## - CÓDIGO DE AUTENTICACIÓN |
| Código de autenticación |
lccopycat |
| 097 00 - |
| -- |
300 D 848 |
| -- |
F954s 2005 |
| 082 00 - NÚMERO DE LA CLASIFICACIÓN DECIMAL DEWEY |
| Número de clasificación |
909.82/6 |
| 100 1# - ENTRADA PRINCIPAL--NOMBRE DE PERSONA |
| Nombre de persona |
Fuentes, Carlos, |
| Fechas asociadas al nombre |
1928- |
| 245 14 - MENCIÓN DEL TÍTULO |
| Título |
Los 68 : |
| Resto del título |
París-Praga-México / |
| Mención de responsabilidad, etc. |
Carlos Fuentes. |
| 246 3# - FORMA VARIANTE DEL TITULO |
| Título propio/Titulo breve |
Sesenta y ocho |
| 250 ## - MENCION DE EDICION |
| Mención de edición |
1. ed. |
| 260 ## - PUBLICACIÓN, DISTRIBUCIÓN, ETC. |
| Lugar de publicación, distribución, etc. |
México, D.F. : |
| Nombre del editor, distribuidor, etc. |
Debate : |
| -- |
Random House Mondadori, |
| Fecha de publicación, distribución, etc. |
2005. |
| 300 ## - DESCRIPCIÓN FÍSICA |
| Extensión |
173 p. : |
| Otras características físicas |
ill. : |
| Dimensiones |
22 cm. |
| 490 1# - MENCIÓN DE SERIE |
| Mención de serie |
Referencias |
| 650 #0 - PUNTO DE ACCESO ADICIONAL DE MATERIA--TÉRMINO DE MATERIA |
| Término de materia o nombre geográfico como elemento de entrada |
Nineteen sixty-eight, A.D. |
| 650 #0 - PUNTO DE ACCESO ADICIONAL DE MATERIA--TÉRMINO DE MATERIA |
| Término de materia o nombre geográfico como elemento de entrada |
Student movements |
| Subdivisión geográfica |
France |
| Subdivisión general |
History. |
| 650 #0 - PUNTO DE ACCESO ADICIONAL DE MATERIA--TÉRMINO DE MATERIA |
| Término de materia o nombre geográfico como elemento de entrada |
Youth |
| Subdivisión geográfica |
France |
| Subdivisión general |
Political activity |
| -- |
History. |
| 650 #0 - PUNTO DE ACCESO ADICIONAL DE MATERIA--TÉRMINO DE MATERIA |
| Término de materia o nombre geográfico como elemento de entrada |
Student movements |
| Subdivisión geográfica |
Czechoslovakia |
| Subdivisión general |
History. |
| 650 #0 - PUNTO DE ACCESO ADICIONAL DE MATERIA--TÉRMINO DE MATERIA |
| Término de materia o nombre geográfico como elemento de entrada |
Youth |
| Subdivisión geográfica |
Czechoslovakia |
| Subdivisión general |
Political activity |
| -- |
History. |
| 650 #0 - PUNTO DE ACCESO ADICIONAL DE MATERIA--TÉRMINO DE MATERIA |
| Término de materia o nombre geográfico como elemento de entrada |
Student movements |
| Subdivisión geográfica |
Mexico |
| Subdivisión general |
History. |
| 650 #0 - PUNTO DE ACCESO ADICIONAL DE MATERIA--TÉRMINO DE MATERIA |
| Término de materia o nombre geográfico como elemento de entrada |
Youth |
| Subdivisión geográfica |
Mexico |
| Subdivisión general |
Political activity |
| -- |
History. |
| 650 #7 - PUNTO DE ACCESO ADICIONAL DE MATERIA--TÉRMINO DE MATERIA |
| Término de materia o nombre geográfico como elemento de entrada |
Movimientos estudiantiles |
| Subdivisión geográfica |
Francia |
| Subdivisión general |
Historia. |
| Fuente del encabezamiento o término |
bidex |
| 650 #7 - PUNTO DE ACCESO ADICIONAL DE MATERIA--TÉRMINO DE MATERIA |
| Término de materia o nombre geográfico como elemento de entrada |
Juventud |
| Subdivisión geográfica |
Francia |
| Subdivisión general |
Actividades políticas |
| -- |
Historia. |
| Fuente del encabezamiento o término |
bidex |
| 650 #7 - PUNTO DE ACCESO ADICIONAL DE MATERIA--TÉRMINO DE MATERIA |
| Término de materia o nombre geográfico como elemento de entrada |
Movimientos estudiantiles |
| Subdivisión geográfica |
Czechoslovakia |
| Subdivisión general |
Historia. |
| Fuente del encabezamiento o término |
bidex |
| 650 #7 - PUNTO DE ACCESO ADICIONAL DE MATERIA--TÉRMINO DE MATERIA |
| Término de materia o nombre geográfico como elemento de entrada |
Juventud |
| Subdivisión geográfica |
Czechoslovakia |
| Subdivisión general |
Actividades políticas |
| -- |
Historia. |
| Fuente del encabezamiento o término |
bidex |
| 650 #7 - PUNTO DE ACCESO ADICIONAL DE MATERIA--TÉRMINO DE MATERIA |
| Término de materia o nombre geográfico como elemento de entrada |
Movimientos estudiantiles |
| Subdivisión geográfica |
México |
| Subdivisión general |
Historia. |
| Fuente del encabezamiento o término |
bidex |
| 650 #7 - PUNTO DE ACCESO ADICIONAL DE MATERIA--TÉRMINO DE MATERIA |
| Término de materia o nombre geográfico como elemento de entrada |
Juventud |
| Subdivisión geográfica |
México |
| Subdivisión general |
Actividades políticas |
| -- |
Historia. |
| Fuente del encabezamiento o término |
bidex |
| 830 #0 - PUNTO DE ACCESO ADICIONAL DE SERIE-TÍTULO UNIFORME |
| Título uniforme |
Referencias (Editorial Debate) |
| 925 0# - |
| -- |
acquire |
| -- |
1 shelf copies |
| -- |
policy default |
| 942 ## - ELEMENTOS DE ENTRADA SECUNDARIOS (KOHA) |
| Fuente del sistema de clasificación o colocación |
Clasificación de Library of Congress |
| Tipo de ítem Koha |
|
| 936 ## - OCLC/CONSER DATOS MISCELÁNEOS (OCLC); PIEZA UTILIZADA PARA CATALOGACIÓN (pre-RCAA2) (RLIN) |
| Numero(s) de control OCLC de registros paralelo(s) (OCLC); Pieza utilizada para catalogación, PUC (RLIN) |
PR62409912 |